Biggest sources of immigrants to Louisiana - Statistics

General Stats
  • This quiz has been taken 31 times
  • The average score is 8 of 10
Answer Stats
Hint Answer % Correct
24,597 Mexico
100%
3,127 Canada
79%
3,244 United Kingdom
79%
7,854 China
75%
4,161 Cuba
75%
9,669 India
75%
14,839 Vietnam
71%
4,241 El Salvador
67%
3,033 Korea
67%
7,704 Philippines
63%
No matching quizzes found
Score Distribution
Percent of People with Each Score
Percentile by Number Answered
Your Score History
You have not taken this quiz